les ballons d'or au XXIe siècle - Statistiques

Statistiques générales
  • Ce quiz a été pris 238 fois
  • Le résultat moyen est 18 sur 22
Statistiques - réponses
Hint Réponse % Correct
2017 Ronaldo
96%
2011 Messi
95%
2012 Messi
95%
2019 Messi
95%
2021 Messi
95%
2016 Ronaldo
95%
2022 Benzema
94%
2010 Messi
94%
2015 Messi
94%
2018 Modric
94%
2013 Ronaldo
94%
2014 Ronaldo
94%
2009 Messi
90%
2008 Ronaldo
87%
2007 Kaka
79%
2002 Ronaldo Nazario
74%
2006 Cannavaro
70%
2005 Ronaldinho
64%
2003 Nedved
59%
2000 Figo
57%
2001 Owen
46%
2004 Chevtchenko
31%
Aucun quiz correspondant
Distribution des résultats
% des personnes avec chaque résultat
Percentile par nombre de réponses
Votre historique - résultats
Vous n’avez pas pris ce quiz